TADC Characters - Statistics

General Stats
  • This quiz has been taken 319 times
    302 since last reset
  • The average score is 22 of 39
Answer Stats
Episode Character % Correct
Jax
99%
Ep. 1 Pomni
99%
Zooble
97%
Gangle
95%
Caine
94%
Kinger
94%
Ragatha
94%
Bubble
89%
Kaufmo
85%
Ep. 2 Gummigoo
80%
Abel
75%
Ribbit
75%
Gloink Queen
67%
Evil Jax
60%
Ep. 5 Evil Pomni
60%
Queenie
60%
Evil Ragatha
59%
Gloinks
59%
Orbsman
57%
Moon
55%
Sun
55%
Disappearing Guy
50%
Ep. 6 Ming
49%
Angel
43%
Evil Orbsman
43%
Bazooble
42%
The Fudge
42%
Coach Dictator
39%
Max
39%
Chad
35%
Ghostly
30%
Princess Loolilalu
29%
Martha Mildenhall
24%
Dr. Football
23%
Shrimp NPC
20%
Ep. 3 Baron Theodore Mildenhall
17%
Ep. 4 Albert Spudsy
11%
Chinese Room NPC
11%
Ep. 7 Crappy Fish
9%
No matching quizzes found
Score Distribution
Percent of People with Each Score
Percentile by Number Answered
Your Score History
You have not taken this quiz since the last reset